| 000 | 005450000a22001810004500 | ||
|---|---|---|---|
| 003 | MACL | ||
| 005 | 20160401154008.0 | ||
| 008 | 160401b xxu||||| |||| 00| 0 eng d | ||
| 040 |
_aMACL _cMACL |
||
| 041 | _aHindi | ||
| 082 | _a333 | ||
| 100 |
_aगोस्वामी सुबुद्धि _949731 |
||
| 245 | _aपर्यावरण संरक्षण | ||
| 260 |
_bश्याम प्रकाशन _c1999 _aजयपुर |
||
| 350 | _a200 | ||
| 650 |
_aEconomics Of Land & Energy _933557 |
||
| 942 |
_cHIN _k333 _2ddc |
||
| 999 |
_c9851 _d9851 |
||